Kontrola praktikum

Salvato in:
Dettagli Bibliografici
Autore principale: Kráčmar, Ján
Ente Autore: Ekonomická univerzita v Bratislave. Fakulta podnikového manažmentu
Altri autori: Jankelová, Nadežda, 1966-, Oravský, Pavol, Uhliar, Miroslav, 1981-, Zimmerhakl, Pavel, Papulová, Emília, Lubelec, Libor
Natura: Libro
Lingua:slovacco
Pubblicazione: Bratislava Vydavateľstvo EKONÓM 2007
Soggetti:
Tags: Aggiungi Tag
Nessun Tag, puoi essere il primo ad aggiungerne!!

MARC

LEADER 00000nam$a2200000$$$4500
001 0067674
005 20240502071820.4
020 |a 978-80-225-2345-5 
041 0 |a slo 
044 |a SK 
245 1 0 |a Kontrola  |b praktikum  |c Jan Kráčmar a kolektív 
264 1 |a Bratislava  |b Vydavateľstvo EKONÓM  |c 2007 
300 |a 99 s. 
610 2 0 |a kontrola 
610 2 0 |a kontrola podniková 
610 2 0 |a riadenie kvality 
610 2 0 |a kontrola technická 
610 2 0 |a kontrola výroby 
610 2 0 |a štúdie prípadové 
610 2 0 |a priemysel 
610 2 0 |a elektrárne 
610 2 0 |a pokladnica 
610 2 0 |a audit interný 
610 2 0 |a technológie informačné 
610 2 0 |a audit externý 
610 2 0 |a smernice 
610 2 0 |a riziko 
100 1 |a Kráčmar, Ján 
700 1 |a Jankelová, Nadežda, 1966- 
700 1 |a Oravský, Pavol 
700 1 |a Uhliar, Miroslav, 1981- 
700 1 |a Zimmerhakl, Pavel 
700 1 |a Papulová, Emília 
700 1 |a Lubelec, Libor 
710 2 |a Ekonomická univerzita v Bratislave. Fakulta podnikového manažmentu